005470000a220009700045001000021000002450056000213000050000775000034001275200243001617730045004041 aRestrepo, Felipe10aUn hombre de palabras : El creador del HAY Festival aVol.0, núm.3 (Diciembre, 2005), Página 12 aPeriodista cultural de Semana aPeter Florence es el alma detrás de uno de los eventos culturales más importantes del mundo, el Hay-on-Wye Festival, que desde el 26 hasta el 29 de enero de 2006 reunirá en Cartagena hay escritores como Vikram Seth y Hanif Kureishi.0 tArcadia / Andrés Felipe Solano, Editor